[Event "Prague Festival Masters 2020"]
[Site "Prague"]
[Date "2020.02.21"]
[Round "9.1"]
[White "Navara, David"]
[Black "Harikrishna, Pentala"]
[Result "0-1"]
[WhiteElo "2717"]
[BlackElo "2713"]
[Annotator "TA"]
[PlyCount "98"]
[EventDate "2020.02.12"]
[EventType "tourn"]
[EventCountry "CZE"]
[SourceTitle "playchess.com"]
[Source "ChessBase"]
[SourceQuality "1"]

{[%evp 13,98,23,56,42,40,14,32,16,18,17,29,0,0,8,18,14,7,20,36,-9,-14,-31,-29,-40,-39,-40,-40,-40,-40,-40,-39,-47,-36,-49,-41,-37,-42,-51,-51,-38,-52,-53,-54,-91,-83,-83,-92,-95,-90,-159,-159,-168,-129,-134,-112,-179,-179,-175,-167,-242,-168,-157,-169,-311,-315,-351,-346,-341,-346,-327,-338,-366,-372,-347,-265,-325,-326,-325,-316,-371,-384,-391,-388,-380,-370,-375,-370]} 1. d4 d5 2. c4 dxc4 3. Nf3 Nf6 4. e3 Bg4 5. Bxc4 e6 6. Nc3 Nbd7 7. O-O Be7 8. e4 {D25: Queen's Gambit Accepted: 4 e3: sidelines and 4...Bg4.} O-O {[#]} 9. e5 $146 ({Predecessor:} 9. Be3 c5 10. dxc5 Bxc5 11. Bxc5 Nxc5 12. Qxd8 Rfxd8 13. Ne5 Bh5 14. f3 Ncd7 15. Nxd7 Nxd7 {½-½ (25) Simantsev,M (2403)-Matulovic,M (2433) Bucharest 2000}) 9... Ne8 $1 10. Be3 {White is slightly better.} c6 11. h3 Bh5 12. g4 Bg6 13. Ne1 Nb6 14. Bb3 Nc7 15. f4 {Hoping for f5.} f5 16. Nd3 (16. exf6 $5 Bxf6 17. Nf3 $11) 16... Nbd5 17. Qd2 Qd7 18. Rac1 Rad8 19. Nxd5 Nxd5 20. Nc5 Bxc5 21. Rxc5 fxg4 22. hxg4 Be4 23. Qe1 Qf7 {aiming for ...Qg6!} 24. Bd2 {[#]} Qg6 $1 {[%mdl 512]} 25. Qh4 Rd7 $40 {[%mdl 128] Black is up to no good.} 26. Qh5 Qxh5 27. gxh5 Nc7 28. Be3 Bd5 29. Bd1 Bxa2 30. Bg4 Bd5 31. f5 (31. Rc3 $142) 31... exf5 $1 $17 32. Rxf5 Rxf5 33. Bxf5 Rf7 34. Bc8 (34. Bg4 $17) 34... Rf3 $19 35. Bf2 {[#]} Rb3 $1 36. Bh4 (36. Rc2 $142) 36... Kf7 37. Rc2 Be6 38. Rf2+ (38. Bd8 $142) 38... Ke8 39. Rg2 Bxc8 40. Rxg7 Nd5 ({Inferior is} 40... Rxb2 41. Rxc7 Bf5 {[#]} 42. e6 $1 $14 {[%mdl 512]}) 41. Rg8+ Kd7 42. e6+ Kxe6 43. Rxc8 {[%mdl 4096] Endgame KRB-KRN} Rh3 44. Bd8 Rxh5 45. Rb8 Kd7 46. Ba5 b6 {Black is winning.} 47. Bd2 a5 48. Kg2 Kc7 49. Rh8 Kb7 {Accuracy: White = 61%, Black = 91%.} 0-1

[Event "Prague Festival Masters 2020"]
[Site "Prague"]
[Date "2020.02.21"]
[Round "9.2"]
[White "Ragger, Markus"]
[Black "Grandelius, Nils"]
[Result "1/2-1/2"]
[WhiteElo "2670"]
[BlackElo "2659"]
[Annotator "TA"]
[PlyCount "54"]
[EventDate "2020.02.12"]
[EventType "tourn"]
[EventCountry "CZE"]
[SourceTitle "playchess.com"]
[Source "ChessBase"]
[SourceQuality "1"]

{[%evp 21,54,39,30,18,39,27,21,34,44,41,35,29,23,43,40,21,28,23,40,32,23,20,28,2,54,0,60,35,31,0,56,0,38,0,56]} 1. e4 c5 2. Nf3 d6 3. Bb5+ Bd7 4. Bxd7+ Qxd7 5. c4 Nf6 6. Nc3 g6 7. d4 cxd4 8. Nxd4 Bg7 9. f3 O-O 10. Be3 Nc6 11. O-O a6 12. Qd3 {B52: Sicilian: Moscow Variation with 3...Bd7.} Rfc8 13. b3 $1 b5 {seems to push 13...Qd8 aside.} 14. cxb5 Ne5 15. Qd2 d5 $1 16. Nxd5 Nxd5 17. exd5 axb5 18. Rad1 {[#]} Qxd5 $146 ({Predecessor:} 18... b4 19. Qe2 Rc3 20. Bf2 Bf6 21. Nb5 Rcc8 22. d6 Rab8 23. Nc7 exd6 24. Nd5 Bd8 {1-0 (36) Xiong,J (2712)-Van Foreest,J (2644) Wijk aan Zee 2020}) 19. Qe2 Nc6 {[%cal Rc6d4]} 20. Nxb5 Qe6 21. Rfe1 Nb4 $1 {[%cal Rb4c2]} 22. Nd4 $36 {[%mdl 2048] White fights for an advantage.} Qf6 (22... Bxd4 $11 23. Bxd4 Qxe2 24. Rxe2 Rxa2 25. Rxa2 (25. Rxe7 Nc6 $15) 25... Nxa2) 23. Rd2 ({White should try} 23. a4 $14) 23... h5 (23... Qe5 $11) 24. Nb5 Qe6 25. Nd4 Qf6 (25... Qa6 $11) 26. Nb5 Qe6 $1 27. Nd4 Qf6 {Accuracy: White = 70%, Black = 75%.} (27... Qa6 $11) 1/2-1/2

[Event "Prague Festival Masters 2020"]
[Site "Prague"]
[Date "2020.02.21"]
[Round "9.3"]
[White "Anton Guijarro, David"]
[Black "Firouzja, Alireza"]
[Result "1/2-1/2"]
[WhiteElo "2697"]
[BlackElo "2726"]
[Annotator "TA"]
[PlyCount "109"]
[EventDate "2020.02.12"]
[EventType "tourn"]
[EventCountry "CZE"]
[SourceTitle "playchess.com"]
[Source "ChessBase"]
[SourceQuality "1"]

{[%evp 19,109,28,33,29,36,41,37,36,47,44,65,63,96,96,97,96,102,100,96,93,94,103,81,78,91,94,104,119,137,103,162,133,103,118,112,135,196,172,211,205,220,185,213,209,286,271,289,258,285,319,257,179,518,126,128,160,354,6,6,6,6,-71,-71,-183,-183,-227,-227,-227,-226,-226,0,0,0,0,0,0,0,0,0,0,0,-55,0,0,0,0,0,0,0,0,0,0]} 1. c4 Nf6 2. Nf3 g6 3. Nc3 Bg7 4. e4 d6 5. d4 O-O 6. Be2 e5 7. d5 a5 8. Bg5 h6 9. Bh4 Na6 10. Nd2 Bd7 11. a3 {E92: King's Indian: Classical: 6 Be2 e5: 7 dxe5, 7 Be3 and Petrosian System without 7...Nbd7.} Qe8 12. g4 $5 {[%mdl 4] Exploring less charted territory.} a4 13. f3 {White is slightly better.} h5 14. Rg1 {[#]} hxg4 $146 ({Predecessor:} 14... Nc5 15. Bf2 hxg4 16. fxg4 Nh7 17. g5 Qe7 18. Bxc5 dxc5 19. Nf3 f6 20. gxf6 Rxf6 {½-½ (66) Stern,R (2522)-Hansch,K (2231) Berlin 2017}) 15. fxg4 Nh7 16. Qc2 Nc5 17. O-O-O Bh6 18. g5 Qe7 {[%cal Rh6g5]} 19. Nf3 Nb3+ 20. Kb1 Bg7 21. Bf2 Nd4 22. Qd2 (22. Bxd4 $6 exd4 23. Nxd4 Nxg5 $11) 22... Nxe2 23. Qxe2 f5 24. Be3 fxe4 (24... f4 $16) 25. Nd2 Rf4 26. Bxf4 (26. Ncxe4 $6 Rh4 $11) 26... exf4 27. Ndxe4 Re8 (27... Bxc3 $16 28. Nxc3 (28. bxc3 $2 Bf5 $19) 28... Qxe2 29. Nxe2 f3) 28. Qf2 $18 Qf7 {...Bf5 is the strong threat.} 29. Ka1 $1 Qf5 30. Rde1 $1 Be5 31. h4 Qh3 32. Rh1 Qd3 33. h5 Bf5 34. hxg6 Bxg6 35. Rh6 Kf7 $2 {[#]} (35... Bxe4 {is more resistant.} 36. Rxe4 Re7) 36. Qh4 $2 (36. Rxg6 $1 $18 {[%mdl 512] is the precise move to win.} Bxc3 (36... Kxg6 37. Qh4) 37. Re6 (37. Nxc3 Rxe1+ 38. Qxe1 Qxg6 $11) 37... Bxe1 38. Qxf4+ Kg7 39. Rxe8 (39. Nf2 Bxf2 40. Rxe8 Bd4 $11) 39... Qd1+ 40. Ka2 Qb3+ 41. Kb1 Qd1+ 42. Qc1 Qxc1+ 43. Kxc1) 36... Nf8 $16 37. Qh1 $1 Bg7 $2 (37... Bxc3 $16 38. Nxc3 Rxe1+ 39. Qxe1 Qxc4) 38. Rh4 $2 (38. Rh3 $1 $18 {[%cal Rh3d3]} Qd4 39. Qf1) 38... Rxe4 $1 $11 39. Rxe4 Bxc3 40. Rhxf4+ (40. Rexf4+ $11 Kg7 41. Rf3 Bxb2+ {[%mdl 64] Double Attack} 42. Ka2 (42. Kxb2 Qe2+ 43. Ka1 Qe5+ {[%mdl 64] Double Attack} 44. Ka2 Qe2+ 45. Ka1 Qe5+ {[%mdl 64] Double Attack} 46. Ka2 Qe2+ 47. Ka1 $11)) 40... Kg8 $17 41. bxc3 (41. Qf3 $17 {keeps fighting.} Qxf3 42. Rxf3 Bxe4 43. Rxc3) 41... Qxc3+ $19 {[%mdl 64] Double Attack} 42. Ka2 {aiming for Qd1.} Qb3+ 43. Ka1 {Rxf8+! would kill now.} Qxa3+ 44. Kb1 {White wants to mate with Rxf8+!} Nd7 $2 (44... Qd3+ $19 45. Kb2 Qd2+ 46. Ka3 Qc3+ 47. Ka2 (47. Kxa4 $2 Ne6 $19) 47... Nd7) 45. Kc2 $11 Ne5 {[#]} ({Stronger than} 45... Nc5 46. Rf8+ $1 {[%mdl 512]} Kxf8 47. Qh8+ Kf7 48. Qf6+ Kg8 49. Qxg6+ Kh8 50. Rh4#) (45... Qe3 $5 46. Qh4 $8 Bxe4+ 47. Rxe4 Qb3+ 48. Kd2 Qb4+ 49. Ke3 Ne5 $11) 46. Qh6 $1 {[%csl Gh6][%cal Rf4f8]} Bxe4+ 47. Rxe4 {[%mdl 4096] Endgame KQR-KQN} Qa2+ 48. Kd1 {Strongly threatening Qe6+.} Qb3+ 49. Kc1 Qc3+ 50. Kd1 ({White should try} 50. Kb1 $11) 50... Qd3+ (50... Qf3+ $1 $15 51. Kd2 {[#]} Nxc4+ $1 {[%mdl 576] Remove Defender, Decoy} 52. Rxc4 {[%mdl 64] Double Attack} Qxd5+ 53. Kc3 Qf3+ 54. Kd2 Qf2+ 55. Kd3 Qf1+ 56. Kc3 Qf3+ 57. Kd2 Qf2+ 58. Kd3 Qf3+ 59. Kd2) 51. Kc1 {The position is equal.} Qxe4 52. Qe6+ Kf8 53. Qh6+ $1 Ke8 54. Qe6+ Kd8 55. Qg8+ {Accuracy: White = 66%, Black = 65%.} 1/2-1/2

[Event "Prague Festival Masters 2020"]
[Site "Prague"]
[Date "2020.02.21"]
[Round "9.4"]
[White "Shankland, Sam"]
[Black "Vitiugov, Nikita"]
[Result "1-0"]
[WhiteElo "2683"]
[BlackElo "2731"]
[Annotator "TA"]
[PlyCount "109"]
[EventDate "2020.02.12"]
[EventType "tourn"]
[EventCountry "CZE"]
[SourceTitle "playchess.com"]
[Source "ChessBase"]
[SourceQuality "1"]

{[%evp 14,109,39,24,21,25,21,10,37,-20,0,0,-2,-12,-20,-179,-19,-43,-20,-40,0,0,0,0,0,0,20,-26,25,24,27,23,24,20,20,20,22,27,73,76,72,76,82,89,98,50,50,-7,50,56,57,4,47,47,45,56,73,72,72,68,78,87,104,113,113,98,280,268,270,257,252,250,338,322,355,306,339,313,345,307,306,306,538,538,543,543,543,528,544,514,514,473,1372,1244,1445,1387,1085,989]} 1. c4 b6 2. e4 Bb7 3. Nc3 Nf6 4. f3 c5 5. Nge2 e6 6. d4 cxd4 7. Nxd4 Nc6 {[%cal Bb8c6,Bc6e5,Be5g4][%mdl 32]} 8. Be3 Be7 {[#] A31: Symmetrical English: 2 Nf3 Nf6 3 d4.} 9. Qd2 $146 ({Predecessor:} 9. Be2 O-O 10. O-O Qb8 11. Qe1 Rc8 12. Nxc6 Bxc6 13. Bd4 Nh5 14. g3 Nf6 15. a3 d6 16. Qf2 {½-½ (42) Hofstetter,H (2329)-Ristea,T (2351) ICCF email 2017}) 9... O-O 10. O-O-O Ne5 {The position is equal.} 11. f4 (11. Ndb5 $14) 11... Neg4 12. e5 Ne4 13. Nxe4 Bxe4 14. Be2 $2 {[#]} (14. Qe2 $11 {and White stays safe.} Nxe3 15. Qxe3) 14... f5 $2 (14... Bb4 $1 $19 {[%cal Rb4d2][%mdl 512]} 15. Qxb4 Nxe3) 15. exf6 Nxf6 16. Bd3 Qc8 17. Bxe4 Nxe4 18. Qc2 Nd6 19. b3 Qb7 20. Kb1 Rac8 (20... Ne4 $142) 21. Rhe1 $11 Rc7 22. Bc1 b5 {[%cal Rb5c4]} 23. c5 {Black should prevent c6.} Nf5 24. Nxf5 Rxf5 25. Rxd7 Rfxc5 26. Rxc7 Rxc7 27. Qe2 Rc6 {[#]} 28. f5 $1 {[%mdl 512]} Bb4 (28... exf5 29. Qxe7) 29. Rd1 exf5 30. Qe8+ Bf8 31. Rd7 {[%mdl 1024] Threatening mate with Qf7+. White has compensation.} Qc8 32. Qf7+ Kh8 33. Bb2 {[%cal Rb2g7]} Rg6 34. g3 f4 35. Qxf4 {White stays focused until the end.} Re6 {Hoping for ...Re1+.} 36. a3 $1 Re2 {( -> ...Qc2+!)} 37. Rc7 $1 Qe8 38. Qf5 {Rc8! is the strong threat.} Kg8 39. Rxa7 $40 {[%mdl 128] Black is in trouble.} Qe4+ $2 (39... Rd2 $16 {was called for.}) 40. Qxe4 $18 Rxe4 {[%mdl 4096] Endgame KRB-KRB} 41. Rb7 Re1+ 42. Ka2 Re2 43. Rxb5 Be7 {[#] Threatening ...Bf6.} 44. Kb1 $1 Re1+ {[#]} 45. Kc2 $1 Re2+ 46. Kc1 Rxh2 47. b4 h5 $2 (47... Rh6 {is a better defense.} 48. Rb7 Rc6+ 49. Kd2 Kf7) 48. a4 {White is clearly winning.} Rh1+ 49. Kc2 Rh2+ 50. Kb3 Rh3 51. Bc3 Rxg3 52. Rxh5 g5 (52... Bf6 $142 53. Rc5 Kf7) 53. Rh6 Bf8 54. Rc6 g4 55. a5 {Accuracy: White = 90%, Black = 61%.} 1-0

[Event "Prague Festival Masters 2020"]
[Site "Prague"]
[Date "2020.02.21"]
[Round "9.5"]
[White "Duda, Jan-Krzysztof"]
[Black "Vidit, Santosh Gujrathi"]
[Result "1-0"]
[WhiteElo "2755"]
[BlackElo "2721"]
[Annotator "TA"]
[PlyCount "67"]
[EventDate "2020.02.12"]
[EventType "tourn"]
[EventCountry "CZE"]
[SourceTitle "playchess.com"]
[Source "ChessBase"]
[SourceQuality "1"]

{[%evp 11,67,9,15,10,10,9,9,7,20,-22,-14,-5,-2,-14,0,-15,-9,-10,-10,-14,-12,-10,33,40,34,29,23,32,38,47,42,31,64,51,52,48,63,29,52,39,153,158,158,146,142,152,257,257,283,123,596,182,1510,1512,1408,1466,29990,29991]} 1. d4 Nf6 2. c4 e6 3. Nf3 d5 4. Nc3 Bb4 5. Qa4+ Nc6 6. e3 O-O 7. Qc2 {is now debated instead of 7.Bd2. D38: Queen's Gambit Declined: Ragozin Defence (4 Nf3 Bb4).} Re8 8. Bd2 a6 9. a3 {The position is equal.} Bd6 10. O-O-O $5 {[%mdl 4] An interesting side line.} Bd7 {[#]} 11. c5 $5 $146 {[%mdl 8] An interesting novelty.} ({Predecessor:} 11. e4 dxe4 12. Nxe4 e5 13. dxe5 Nxe4 14. exd6 cxd6 15. Be3 Rc8 16. Kb1 Bf5 17. Bd3 {0-1 (31) Donchenko,A (2410)-Luther,T (2580) Bad Zwesten 2004}) 11... Bf8 12. e4 dxe4 13. Nxe4 Nxe4 14. Qxe4 Ne7 15. Bd3 {[%csl Gd3][%cal Re4h7]} g6 16. Ne5 Bc6 17. Qf4 Nf5 18. g4 Bh6 19. Nxc6 bxc6 20. Qe4 Bxd2+ 21. Rxd2 Ne7 {[%cal Bf5e7,Be7d5,Bd5f4][%mdl 32]} 22. Bc4 Nd5 23. h4 Qf6 24. h5 e5 25. Kb1 Rad8 (25... Rab8 $14 26. Ka1 (26. Bxd5 cxd5 27. Qxd5 Red8 $11) 26... exd4 27. Qxd4 Qf3 28. Bxd5 Qxd5 29. Qxd5 cxd5) 26. Re2 $16 ({Worse is} 26. Bxa6 exd4 27. Qc2 Qf4 $11) 26... Nf4 27. Re3 Nd5 {[#]} 28. hxg6 $1 hxg6 {[#]} (28... Qxg6 $16 29. Qxg6+ hxg6) 29. Reh3 $1 $18 {dxe5 is the strong threat.} Kf8 30. Bxa6 (30. Ka2 $18) 30... Qxf2 $2 {[%mdl 8192] Black cannot hold the game after this.} (30... Re6 $16 {is tougher.}) 31. Rf3 $2 $40 {[%mdl 128] White attacks with force.} (31. Rf1 Nc3+ 32. Rxc3 exd4 33. Qh1 Qxf1+ 34. Bxf1 dxc3 35. Bc4) 31... Qxd4 $2 (31... Rb8 32. Rxf2 (32. Rh8+ Kg7 $14) (32. b4 Qd2 $14) 32... Nc3+ {[%mdl 64] Double Attack} 33. Kc2 Nxe4) 32. Qxg6 $1 {[%csl Gg6][%cal Rf3f7][%mdl 64] Double Attack} Nf4 {[#]} 33. Qf6 $1 {[%cal Rh1h8][%mdl 512]} Qe4+ {[#]} 34. Bd3 $1 {[%mdl 512] Accuracy: White = 72%, Black = 56%.} 1-0